| 000 -GUIDE |
| Champ de contrôle de longueur fixe |
01004caa a22002297a 4500 |
| 003 - IDENTITÉ DU NUMÉRO DE CONTRÔLE |
| Champ de contrôle |
BI-BuBU |
| 008 - ÉLÉMENTS DE LONGUEUR FIXE - RENSEIGNEMENTS GÉNÉRAUX |
| Champ de contrôle de longueur fixe |
140314s2006 bd ||||| |||| 00| 0 fre d |
| 039 ## - NIVEAU DE CONTRÔLE BIBLIOGRAPHIQUE ET HISTORIQUE D'ENCODAGE [OBSOLETE] |
| Date creation |
20140318102251.0 |
| Nom catalographe |
Verhasselt |
| 040 ## - SOURCE DU CATALOGAGE |
| Organisme qui a effectué le catalogage original |
BI-BuBU |
| Code de la langue utilisée dans le catalogage |
fre |
| Organisme qui a effectué la transcription |
BI-BuBU |
| 080 0# - INDICE DE LA CLASSIFICATION DÉCIMALE UNIVERSELLE (CDU) |
| Indice de la Classification décimale universelle |
517.9 |
| 100 1# - VEDETTE PRINCIPALE - NOM DE PERSONNE |
| Code de relation |
aut |
| Nom de personne |
Karenzo, Venant |
| 245 14 - MENTION DU TITRE |
| Titre |
Les équations de Laguerre-Freud pour les coefficients de récurrence des polynômes de Laguere-Hahn orthogonaux sur les réseaux spéciaux non-uniformes |
| Mention de responsabilité, etc. |
Venant Karenzo |
| 260 ## - PUBLICATION, DIFFUSION, ETC. (ADRESSE BIBLIOGRAPHIQUE) |
| Lieu de publication, diffusion, etc. |
Bujumbura |
| Nom de l'éditeur, diffuseur, etc. |
Université du Burundi, Faculté des Sciences, Département de mathématiques |
| Date of publication, distribution, etc |
2006 |
| 300 ## - DESCRIPTION MATÉRIELLE |
| Collation |
III - 48 f. |
| Dimensions |
30 cm |
| 502 ## - NOTE DE THÈSE OU MÉMOIRE |
| Note de thèse |
Mémoire présenté en vue de l'obtention du grade de Licencié en Sciences mathématiques. Option : Physique théorique |
| 650 #7 - VEDETTE-MATIÈRE - NOM COMMUN |
| Vedette de sujet ou vedette comportant un nom géographique |
Equation de Laguerre-Freud |
| 650 #7 - VEDETTE-MATIÈRE - NOM COMMUN |
| Vedette de sujet ou vedette comportant un nom géographique |
Polynome de Laguerre-Hahn |
| 650 #7 - VEDETTE-MATIÈRE - NOM COMMUN |
| Vedette de sujet ou vedette comportant un nom géographique |
CUD. DataWinIsis. Verhasselt |
| 942 ## - ÉLÉMENTS D'ENTRÉE ADDITIONNELLE (KOHA) |
| Type d item koha |
Memoire |